| 000 | 00640nam a2200193Ia 4500 | ||
|---|---|---|---|
| 003 | GCL | ||
| 008 | 140319s9999 xx 000 0 eng d | ||
| 040 |
_aGCL / _cGCL |
||
| 082 | 0 | 4 |
_a025.47 _bO S |
| 100 | 1 | _aTHE OFFICE FOR SUBJECT CATALOING POLICY | |
| 245 | 1 | 0 |
_aSUBJECT CATALOGING MANUAL: CLASSIFICATION: FIRST EDITION / _cTHE OFFICE FOR SUBJECT CATALOING POLICY |
| 260 |
_a[S.N] : _bCATALOGNG DISTRIBUTION SEVICE LIBRAY OF ، _c1992 |
||
| 300 | _a730 P | ||
| 650 | 0 | 4 | _aCATALOGING |
| 650 | 0 | 4 | _aCLASSIFICATION, LIBRARY OF CONGRESS |
| 650 | 0 | 4 | _aCLASSIFICATION - BOOKS |
| 650 | 0 | 4 | _aSUBJECT CATALOGING - HAND BOOK |
| 942 |
_2ddc _cBK |
||
| 999 |
_c14816 _d14816 |
||